header

Clinical nurse specialist toolkit (Record no. 3502)

MARC details
000 -LEADER
fixed length control field 01443nam a2200349Ia 4500
245 00 - TITLE STATEMENT
Title Clinical nurse specialist toolkit
260 ## - PUBLICATION, DISTRIBUTION, ETC. (IMPRINT)
Place of publication New York :
Name of publisher Springer Pub. Co.,
Year of publication c2009.
300 ## - PHYSICAL DESCRIPTION
Number of Pages xi, 178 p. :
Other physical details ill.
500 ## - GENERAL NOTE
General note "NACNS, National Association of Clinical Nurse Specialists."
650 #0 - SUBJECT ADDED ENTRY--TOPICAL TERM
Topical Term Nurse practitioners.
Topical Term Nursing
700 1# - ADDED ENTRY--PERSONAL NAME
Personal name Dresser, Susan.
Personal name Duffy, Melanie.
Personal name Fulton, Janet S.
856 40 - ELECTRONIC LOCATION AND ACCESS
Uniform Resource Identifier http://site.ebrary.com/lib/rucke/Doc?id=10281514

No items available.

© 2026 Rongo University
Contact us: librarian | system librarian | Rongo university